000 00276nam a2200121Ia 4500
005 20251222141823.0
008 251222s9999||||xx |||||||||||||| ||spa||
082 _a177/C24
100 _aCamozzi, Rolando
245 0 _aAproximaciones al amor
264 _bSígueme
942 _cLIB
999 _c6879
_d6879